000 02377nam0a2200349 4500
001 RU\NLR\BIBL_A\022615557
005 20251119095156.0
010 _a978-5-907983-24-3
_9100
021 _aRU
_bКН-П-25-041755
_9КН-П-25-4066
035 _a(NLR Aleph) 022615557
090 _a13465180
_c13465180
100 _a20250905d2025 m y0rusy50 ca
101 0 _arus
102 _aRU
105 _aa j 000yy
181 0 _ai3
_baxxe
182 0 _an
200 1 _aОсобенности проектирования инженерной защиты зданий и сооружений в условиях сложного рельефа
_eучебное пособие
_eдля студентов направления подготовки 08.04.01 "Строительство" (направленности "Теория и проектирование зданий и сооружений", "Геостойкое строительство зданий и сооружений")
_fА. Б. Барыкин, Б. Ю. Барыкин
_gМинистерство науки и высшего образования Российской Федерации, Крымский федеральный университет им. В. И. Вернадского, Институт "Академия строительства и архитектуры"
203 _aТекст
_bвизуальный
_cнепосредственный
210 _aСимферополь
_cАРИАЛ
_d2025
215 _a235 с.
_cил.
_d21
320 _aБиблиогр.: с. 229-233 (113 назв.)
606 1 _aЗдания и сооружения
_xПроектирование с учетом геологических условий
_jУчебные издания для высших учебных заведений
_2nlr_sh2
_3RU\NLR\AUTH\661440411
606 1 _aЗдания и сооружения
_xСтроительство в особых условиях
_jУчебные издания для высших учебных заведений
_2nlr_sh1
_2nlr_sh2
_3RU\NLR\AUTH\661433169
686 1 _aН221.9я73-1
686 1 _aН79я73-1
700 1 _aБарыкин
_bА. Б.
_gАлександр Борисович
701 1 _aБарыкин
_bБ.Ю.
_gБорис Юрьевич
942 _cBOOK
980 _aNB